| 000 | 01019cam a2200217 a 4500 | ||
|---|---|---|---|
| 020 | _a9780415962407 | ||
| 020 | _a0415962404 | ||
| 041 | _aENG | ||
| 082 | 0 | 0 |
_a212.1 _bMOR |
| 100 | 1 | _aMoreland, James Porter, | |
| 245 | 1 | 0 | _aConsciousness and the existence of God : A Theistic argument |
| 260 |
_aNew York : _bRoutledge, _c2008. |
||
| 300 | _axii, 242 p. ; | ||
| 505 | 0 | _aThe epistemic backdrop for locating consciousness in a naturalist ontology -- The argument from consciousness -- John Searle and contingent correlation -- Timothy O'Connor and emergent necessitation -- Colin McGinn and mysterian "naturalism" -- David Skrbina and panpsychism -- Philip Clayton and pluralistic emergentist monism -- Science and strong physicalism -- AC, dualism and the fear of God. | |
| 650 | 0 | _aConsciousness. | |
| 650 | 0 | _aNaturalism. | |
| 650 | 0 | _aTheism. | |
| 856 | 4 | 1 | _uhttp://www.loc.gov/catdir/toc/ecip0727/2007037875.html |
| 856 | 4 | 2 | _uhttp://www.loc.gov/catdir/enhancements/fy1102/2007037875-b.html |
| 942 | _cBK | ||
| 999 |
_c22771 _d22771 |
||